Serie A 100 Biggest Transfers - Statistics

General Stats
  • This quiz has been taken 314 times
  • The average score is 69 of 100
Answer Stats
Nation Player From Joined % Correct
Portugal ST Cristiano Ronaldo 18/19 Real Madrid Juventus
100%
Netherlands CB Matthijs de Ligt 19/20 Ajax Juventus
99%
Italy GK Gianluigi Buffon 01/02 Parma Juventus
98%
Belgium ST Romelu Lukaku 19/20 Manchester United Inter Milan
98%
Brazil ST Ronaldo 97/98 Barcelona Inter Milan
98%
Serbia ST Dusan Vlahovic 21/22 Fiorentina Juventus
97%
Nigeria ST Victor Osimhen 20/21 Lille Napoli
97%
Argentina ST Gonzalo Higuain 16/17 Napoli Juventus
96%
Argentina ST Gonzalo Higuain 13/14 Real Madrid Napoli
96%
Brazil CM Arthur Melo 20/21 Barcelona Juventus
94%
Morocco RB Achraf Hakimi 20/21 Real Madrid Inter Milan
91%
Italy LW Federico Chiesa 22/23 Fiorentina Juventus
90%
Italy CB Leonardo Bonucci 17/18 Juventus Milan
90%
Italy CB Leonardo Bonucci 18/19 Milan Juventus
90%
Czech Republic LM Pavel Nedved 01/02 Lazio Juventus
90%
Mexico RW Hirving Lozano 19/20 PSV Napoli
89%
Argentina SS Paulo Dybala 15/16 Palermo Juventus
89%
England ST Tammy Abraham 21/22 Chelsea Roma
89%
Brazil CB Bremer 22/23 Torino Juventus
86%
Brazil RW Douglas Costa 18/19 Bayern Munich Juventus
86%
Portugal RB Joao Cancelo 18/19 Valencia Juventus
86%
Bosnia CM Miralem Pjanic 16/17 Roma Juventus
86%
Portugal LW Rafael Leao 19/20 Lille Milan
86%
Portugal AM Rui Costa 01/02 Fiorentina Milan
86%
Argentina ST Hernan Crespo 00/01 Parma Lazio
84%
Argentina ST Hernan Crespo 02/03 Lazio Inter Milan
84%
France CB Benjamin Pavard 23/24 Bayern Munich Inter Milan
83%
Czech Republic ST Patrick Schick 18/19 Sampdoria Roma
83%
Brazil CB Danilo 19/20 Manchester City Juventus
82%
England CB Fikayo Tomori 21/22 Chelsea Milan
82%
Greece CB Konstantinos Manolas 19/20 Roma Napoli
82%
Italy CM Nicolo Barella 20/21 Cagliari Inter Milan
82%
Argentina ST Lautaro Martinez 18/19 Racing Club Inter Milan
81%
Poland ST Arkadiusz Milik 16/17 Ajax Napoli
80%
Denmark AM Christian Eriksen 19/20 Tottenham Hotspur Inter Milan
80%
Sweden RW Dejan Kulusevski 19/20 Atalanta Juventus
80%
Slovakia CB Milan Skriniar 17/18 Sampdoria Inter Milan
80%
Sweden ST Zlatan Ibrahimovic 06/07 Juventus Inter Milan
80%
Italy ST Moise Kean 23/24 Everton Juventus
79%
Poland ST Krzysztof Piatek 18/19 Genoa Milan
77%
Germany LM Robin Gosens 22/23 Atalanta Inter Milan
77%
Brazil LB Alex Sandro 15/16 Porto Juventus
76%
Ivory Coast CM Franck Kessie 19/20 Atalanta Milan
76%
Argentina ST Gabriel Batistuta 00/01 Fiorentina Roma
75%
Argentina CM Juan Sebastian Veron 99/00 Parma Lazio
75%
Belgium CM Radja Nainggolan 18/19 Roma Inter Milan
75%
Central African Republic DM Geoffrey Kondogbia 15/16 Monaco Inter Milan
74%
France CB Lilian Thuram 01/02 Parma Juventus
74%
Italy ST Christian Vieri 99/00 Lazio Inter Milan
73%
Italy ST Christian Vieri 98/99 Atletico Madrid Lazio
73%
Colombia ST Carlos Bacca 15/16 Sevilla Milan
72%
Italy ST Gianluca Scamacca 23/24 West Ham United Atalanta
72%
Brazil LW Ronaldinho 08/09 Barcelona Milan
72%
Italy RW Federico Bernardeschi 17/18 Fiorentina Juventus
71%
Italy ST Filippo Inzaghi 01/02 Juventus Milan
71%
Portugal CM Joao Mario 16/17 Sporting CP Inter Milan
71%
Italy DM Manuel Locatelli 23/24 Sassuolo Juventus
71%
Italy GK Alex Meret 19/20 Udinese Napoli
70%
Italy CB Alessandro Bastoni 17/18 Atalanta Inter Milan
69%
Belgium AM Charles De Ketelaere 22/23 Club Brugge Milan
69%
Argentina ST Diego Milito 09/10 Genoa Inter Milan
69%
Spain CM Fabian Ruiz 18/19 Real Betis Napoli
69%
Italy CB Alessandro Nesta 02/03 Lazio Milan
68%
France CM Blaise Matuidi 17/18 Paris Saint-Germain Juventus
68%
Netherlands CB Jaap Stam 01/02 Manchester United Lazio
68%
Portugal ST Andre Silva 17/18 Porto Milan
67%
Argentina SS Joaquin Correa 22/23 Lazio Inter Milan
67%
Italy LB Leonardo Spinazzola 19/20 Juventus Roma
65%
Netherlands CM Clarence Seedorf 99/00 Real Madrid Inter Milan
64%
Italy SS Giacomo Raspadori 23/24 Sassuolo Napoli
61%
Argentina AM Javier Pastore 18/19 Paris Saint-Germain Roma
61%
Brazil AM Lucas Paqueta 18/19 Flamengo Milan
61%
Argentina RW Nicolas Gonzalez 21/22 Stuttgart Fiorentina
59%
Brazil ST Gabriel Barbosa 16/17 Santos Inter Milan
58%
Japan AM Hidetoshi Nakata 01/02 Roma Parma
57%
Denmark AM Jesper Lindstrom 23/24 Eintracht Frankfurt Napoli
57%
Argentina CB Cristian Romero 19/20 Genoa Juventus
54%
Croatia LW Marka Pjaca 16/17 Dinamo Zagreb Juventus
54%
Italy CB Alessio Romagnoli 15/16 Roma Milan
52%
Brazil AM Diego 09/10 Werder Bremen Juventus
52%
France DM Steven Nzonzi 18/19 Sevilla Roma
52%
Italy CB Mattia Caldara 18/19 Juventus Milan
50%
Italy SS Antonio Cassano 01/02 Bari Roma
49%
Mali ST El Bilal Toure 23/24 Almeria Atalanta
48%
Italy GK Francesco Toldo 01/02 Fiorentina Inter Milan
46%
Portugal RW Ricardo Quaresma 08/09 Porto Inter Milan
46%
Albania CB Marash Kumbulla 21/22 Hellas Verona Roma
44%
Paraguay LW Juan Iturbe 14/15 Hellas Verona Roma
42%
Brazil CB Felipe Melo 09/10 Fiorentina Juventus
41%
Spain RM Gaizka Mendieta 01/02 Valencia Lazio
41%
Italy CM Stefano Sensi 20/21 Sassuolo Inter Milan
39%
Brazil DM Emerson 04/05 Roma Juventus
37%
Italy ST Alberto Gilardino 05/06 Parma Milan
35%
Italy ST Vincenzo Montella 99/00 Sampdoria Roma
34%
Chile ST Marcelo Salas 01/02 Lazio Juventus
28%
Brazil ST Marcio Amoroso 99/00 Udinese Parma
24%
Italy AM Simone Verdi 18/19 Bologna Napoli
24%
Italy DM Nicolo Rovella 20/21 Genoa Juventus
22%
Serbia ST Savo Milosevic 00/01 Real Zaragoza Parma
11%
Italy AM Stefano Fiore 01/02 Udinese Lazio
11%
No matching quizzes found
Score Distribution
Percent of People with Each Score
Percentile by Number Answered
Your Score History
You have not taken this quiz